| 000 | 00359nam a22001457a 4500 | ||
|---|---|---|---|
| 020 | _a002800762 | ||
| 040 | _cNUST | ||
| 082 |
_a621.381 _bGRO |
||
| 100 |
_aBernard Grob _9125049 |
||
| 245 | _aGrob Basic Electronics | ||
| 250 | _aSeventh Edition | ||
| 260 |
_aNew York: _bGlencoe McGraw Hill, _c1992. |
||
| 650 | _2Grob Basic Electronics | ||
| 942 |
_2ddc _cBK |
||
| 999 |
_c610813 _d610813 |
||